[Event "Youth Classic 2017 - Youth Open U14"]
[Site "Hasselgrundhalle - Bad Soden a"]
[Date "2017.10.01"]
[Round "4.10"]
[White "Gräf, Jakob"]
[Black "Wisniewski, Niklas Lorenz"]
[Result "1-0"]
[WhiteElo "1268"]
[BlackElo "1031"]
[PlyCount "33"]
[EventDate "2017.??.??"]
[WhiteTeam "SV Frankfurt Nord"]
[BlackTeam "SC Bad Soden"]

1. f4 d5 2. Nf3 Bg4 3. h3 Bh5 4. g4 Bg6 5. f5 Bxf5 6. gxf5 Nf6 7. e3 Qd6 8. Rg1
Nbd7 9. Nc3 Ne5 10. b3 O-O-O 11. Bb2 g6 12. Nb5 Nxf3+ 13. Qxf3 Qb6 14. Bd4 Qa5
15. Nxa7+ Kb8 16. Bd3 b6 17. Nc6+ 1-0

[Event "Youth Classic 2017 - Youth Open U14"]
[Site "Hasselgrundhalle - Bad Soden a"]
[Date "2017.10.01"]
[Round "4.12"]
[White "Goetz, Fenja"]
[Black "Albrecht, Edwin"]
[Result "1-0"]
[WhiteElo "1236"]
[BlackElo "952"]
[PlyCount "163"]
[EventDate "2017.??.??"]
[WhiteTeam "SK Bad Homburg"]
[BlackTeam "SC Bad Soden"]

1. e4 e5 2. Nf3 Nc6 3. d4 d6 4. Bb5 Bd7 5. Nc3 Nf6 6. Bg5 Be7 7. O-O h6 8. Bh4
a6 9. Bc4 b5 10. Bb3 O-O 11. Qd3 Re8 12. Rad1 Bg4 13. Rd2 Na5 14. dxe5 dxe5 15.
Nxe5 Qxd3 16. Bxf7+ Kf8 17. Rxd3 Rec8 18. Bd5 c6 19. Bb3 b4 20. Na4 Be2 21. Nb6
Bxd3 22. Nxc8 Bxf1 23. Nxe7 Kxe7 24. Kxf1 g5 25. Bg3 Nxe4 26. Ba4 Nxg3+ 27.
hxg3 Kd6 28. Nf7+ Kc5 29. Nxh6 Nc4 30. Ke2 Nxb2 31. Bb3 a5 32. Nf7 Nc4 33. Kd3
Nb2+ 34. Kd2 Re8 35. Nxg5 Rd8+ 36. Ke2 Re8+ 37. Kd2 Re5 38. Nf3 Re7 39. Ng5
Rd7+ 40. Ke2 Nc4 41. Ne4+ Kb5 42. Bxc4+ Kxc4 43. Ke3 Rd1 44. g4 Re1+ 45. Kf3
Kd4 46. Nf6 Re6 47. Nh5 Rg6 48. Nf4 Rf6 49. g5 Rf8 50. Kg4 Ke4 51. Nh3 c5 52.
f3+ Ke5 53. f4+ Ke6 54. Nf2 Kf7 55. Ne4 c4 56. Nc5 Rc8 57. Na4 c3 58. f5 Rc4+
59. Kh5 Kg7 60. f6+ Kf7 61. Nb6 Rd4 62. Nc8 a4 63. Ne7 a3 64. g6+ Kxf6 65. g7
Kxg7 66. Nf5+ Kf6 67. Nxd4 Ke5 68. Nb3 Ke4 69. g4 Kf4 70. g5 Kf3 71. g6 Ke2 72.
g7 Kd1 73. g8=Q Kxc2 74. Nd4+ Kd3 75. Qb3 Kxd4 76. Qxb4+ Kd3 77. Qb3 Kd2 78.
Qd5+ Kc2 79. Kg4 Kb2 80. Qb3+ Ka1 81. Qxc3+ Kxa2 82. Kf3 1-0

[Event "Youth Classic 2017 - Youth Open U14"]
[Site "Hasselgrundhalle - Bad Soden a"]
[Date "2017.10.01"]
[Round "4.13"]
[White "Koch, Laura"]
[Black "Boder, Finn"]
[Result "1-0"]
[WhiteElo "774"]
[BlackElo "968"]
[PlyCount "129"]
[EventDate "2017.??.??"]
[WhiteTeam "SV Frankfurt Nord"]
[BlackTeam "SG Mörsdorf-Lahr"]

1. e4 e5 2. Nf3 Nc6 3. d4 exd4 4. Nxd4 Bc5 5. Be3 Nf6 6. Nxc6 bxc6 7. Bxc5 Nxe4
8. Bd4 O-O 9. Nc3 Qe7 10. Qg4 Nxc3+ 11. Be2 Qxe2+ 12. Qxe2 Nxe2 13. Kxe2 Re8+
14. Kd2 d5 15. Rhe1 Bf5 16. Rxe8+ Rxe8 17. Re1 Rxe1 18. Kxe1 Bxc2 19. Bxa7 Be4
20. f3 Bb1 21. a4 Kf8 22. Bb8 Ke8 23. Bxc7 Kd7 24. Be5 g6 25. b4 Kc8 26. a5 Kb7
27. g4 Ka6 28. Ke2 Kb5 29. Bc3 f5 30. Ke3 Kc4 31. a6 Kxc3 32. a7 d4+ 33. Kf2 d3
34. a8=Q d2 35. Qxc6+ Kd3 36. Qd5+ Kc2 37. Ke2 d1=Q+ 38. Qxd1+ Kb2 39. Kd2 fxg4
40. fxg4 h6 41. b5 Be4 42. Qc1+ Kb3 43. Qc3+ Ka4 44. Ke3 Bd5 45. b6 Kb5 46. Kd4
Bg2 47. Qc5+ Ka6 48. Ke5 h5 49. Kd6 Kb7 50. Qc7+ Ka6 51. Qc4+ Kb7 52. Qc2 Bf3
53. Kc5 Bxg4 54. Qxg6 Ka6 55. Qc6 h4 56. b7+ Ka7 57. Qb6+ Kb8 58. Kb5 Be2+ 59.
Ka5 Bf3 60. Ka6 Be2+ 61. Ka5 Bf3 62. Qd8+ Kxb7 63. Qd7+ Kb8 64. Kb6 h3 65. Qd8#
1-0

[Event "Youth Classic 2017 - Youth Open U14"]
[Site "Hasselgrundhalle - Bad Soden a"]
[Date "2017.10.01"]
[Round "4.14"]
[White "Porstendörfer, Yannik"]
[Black "Murmann, Jonas"]
[Result "1-0"]
[WhiteElo "1231"]
[BlackElo "916"]
[PlyCount "51"]
[EventDate "2017.??.??"]
[WhiteTeam "SK Klingenberg"]
[BlackTeam "SG Mörsdorf-Lahr"]

1. c4 c5 2. Nc3 g6 3. g3 Bg7 4. Bg2 Nc6 5. d3 e6 6. Bf4 Nge7 7. Qd2 O-O 8. Bh6
d5 9. Bxg7 Kxg7 10. b3 a6 11. Qb2 Kg8 12. e4 dxc4 13. dxc4 b5 14. Rd1 Qa5 15.
Nge2 Rb8 16. Qc2 e5 17. O-O Bg4 18. h3 Bxe2 19. Nxe2 Rfd8 20. f4 exf4 21. Nxf4
Nd4 22. Qf2 Nec6 23. Nd5 Nb4 24. Qxf7+ Kh8 25. Qf6+ Kg8 26. Ne7# 1-0

[Event "Youth Classic 2017 - Youth Open U14"]
[Site "Hasselgrundhalle - Bad Soden a"]
[Date "2017.10.01"]
[Round "4.15"]
[White "Markosyan, Aleksandr"]
[Black "Gärtner, Johannes"]
[Result "0-1"]
[WhiteElo "1048"]
[BlackElo "878"]
[PlyCount "98"]
[EventDate "2017.??.??"]
[WhiteTeam "SG Idstein"]
[BlackTeam "SF Heidesheim"]

1. e4 e6 2. d4 d5 3. e5 c5 4. c3 Nc6 5. Nf3 c4 6. Be2 Nge7 7. Bg5 h6 8. Bh4 Qc7
9. Nbd2 Nf5 10. Bg3 Nxg3 11. fxg3 Be7 12. O-O O-O 13. b3 b5 14. Qc2 Ba6 15. Rf2
Rfd8 16. a4 Na5 17. b4 Nc6 18. axb5 Bxb5 19. Nb1 Qb6 20. Na3 Qa6 21. Qa2 Rab8
22. Bd1 Ba4 23. Nxc4 dxc4 24. Bxa4 Rb7 25. Rb2 Rc8 26. b5 Qb6 27. bxc6 Qxb2 28.
cxb7 Qxb7 29. Nd2 Qc7 30. Bb5 Qb7 31. Ba6 Qc7 32. Bxc8 Qxc8 33. Qxc4 Qb8 34.
Ne4 Qb7 35. Nc5 Qc7 36. Ra4 Bf8 37. Na6 Qb7 38. Qc7 Qb1+ 39. Kf2 Qc2+ 40. Kg1
Qxa4 41. Qxa7 Qa1+ 42. Kf2 Qxc3 43. Nc7 Qd2+ 44. Kf3 Qd3+ 45. Kg4 Qe4+ 46. Kh3
Qf5+ 47. g4 Qd3+ 48. Kh4 g5+ 49. Kh5 Qg6# 0-1

[Event "Youth Classic 2017 - Youth Open U14"]
[Site "Hasselgrundhalle - Bad Soden a"]
[Date "2017.10.01"]
[Round "4.16"]
[White "Pfaff, Pawel"]
[Black "Politoukhin, Nikolaj"]
[Result "1-0"]
[WhiteElo "1021"]
[BlackElo "876"]
[PlyCount "88"]
[EventDate "2017.??.??"]
[WhiteTeam "SC Bad Soden"]
[BlackTeam "SC Flörsheim"]

1. e4 e5 2. Nf3 Nc6 3. Bc4 Nf6 4. Nc3 Bc5 5. d3 h6 6. O-O d6 7. h3 Nd4 8. Be3
O-O 9. Nh4 Be6 10. Bxe6 Nxe6 11. Bd2 Nxe4 12. Nxe4 Qxh4 13. Nxc5 Nxc5 14. Qf3
a5 15. Qg3 Qxg3 16. fxg3 b6 17. a3 Ne6 18. g4 Nd4 19. c3 Nb3 20. Rad1 Nxd2 21.
Rxd2 c5 22. d4 cxd4 23. cxd4 exd4 24. Rxd4 Rad8 25. b4 axb4 26. Rxb4 Rb8 27.
Rfb1 Ra8 28. R1b3 Rfb8 29. Rxb6 Rxb6 30. Rxb6 Rxa3 31. Rxd6 Rg3 32. Kh2 Re3 33.
Rd8+ Kh7 34. Rd5 Kg6 35. h4 f6 36. Rd7 Re4 37. h5+ Kh7 38. Kh3 Re5 39. Kh4 Rc5
40. g3 Rc4 41. Rf7 Kg8 42. Rd7 f5 43. Kh3 Rxg4 44. Rd3 f4 1-0

[Event "Youth Classic 2017 - Youth Open U14"]
[Site "Hasselgrundhalle - Bad Soden a"]
[Date "2017.10.01"]
[Round "4.17"]
[White "Samodurow, Georg"]
[Black "Edelmann, Viktor"]
[Result "0-1"]
[WhiteElo "831"]
[BlackElo "999"]
[PlyCount "90"]
[EventDate "2017.??.??"]
[WhiteTeam "SC Bad Soden"]
[BlackTeam "SC Frankfurt-West"]

1. e4 e5 2. Nf3 Nc6 3. Bc4 a6 4. a3 h6 5. c3 d6 6. d4 Nf6 7. Nbd2 Bg4 8. O-O
Bxf3 9. Qxf3 exd4 10. Nb3 Ne5 11. Qd1 Nxc4 12. Qxd4 Ne5 13. Qe3 c5 14. Bd2 Nc4
15. Qf3 Qb6 16. Qd1 Nxb2 17. Qc2 Nc4 18. Bf4 Ne5 19. Nd2 g5 20. Rab1 Qc7 21.
Bg3 Nh5 22. Bxe5 dxe5 23. Rfe1 Rd8 24. Nc4 b5 25. Ne3 Nf6 26. Nf5 Qa5 27. Ra1
Qa4 28. Qb1 Qc4 29. Qc2 Qd3 30. Qe2 Qxe2 31. Rxe2 Rd3 32. Rc1 Be7 33. Ng7+ Kf8
34. Nf5 Rd7 35. Ree1 Bd8 36. g3 Ba5 37. Re3 Kg8 38. h3 Kh7 39. g4 Rhd8 40. Ng3
c4 41. Nf1 Rd1 42. Re1 Rxe1 43. Rxe1 Bxc3 44. Re3 Rd3 45. Rg3 Nxe4 0-1

[Event "Youth Classic 2017 - Youth Open U14"]
[Site "Hasselgrundhalle - Bad Soden a"]
[Date "2017.10.01"]
[Round "4.19"]
[White "Moldenhauer, Nils"]
[Black "Rahimova, Sarah"]
[Result "0-1"]
[WhiteElo "738"]
[BlackElo "987"]
[PlyCount "119"]
[EventDate "2017.??.??"]
[WhiteTeam "SV Oberursel"]
[BlackTeam "SK Bad Homburg"]

1. e4 c5 2. Nf3 Nc6 3. d4 Nxd4 4. Nxd4 cxd4 5. Qxd4 d6 6. Bc4 e5 7. Qd5 Be6 8.
Qd3 Nf6 9. Bg5 Be7 10. O-O O-O 11. Nc3 a6 12. Bxe6 fxe6 13. h3 d5 14. exd5 exd5
15. Nxd5 Nxd5 16. Bxe7 Qxe7 17. Qxd5+ Kh8 18. Rae1 Rfe8 19. c3 Rad8 20. Qe4 Rd2
21. Rb1 b5 22. Rfd1 Red8 23. Rxd2 Rxd2 24. b4 h6 25. Ra1 Qf6 26. f3 Qg5 27. g4
Qh4 28. Qe1 Qxe1+ 29. Rxe1 Rd3 30. Rxe5 Rxf3 31. Re6 Rxc3 32. Kg2 Rc2+ 33. Kg3
Rxa2 34. h4 a5 35. bxa5 Rxa5 36. h5 b4 37. Re8+ Kh7 38. Rb8 Ra3+ 39. Kh4 Rb3
40. g5 hxg5+ 41. Kxg5 Rb1 42. Rb5 b3 43. Rxb3 Rxb3 44. Kf4 Rb5 45. Kg4 Kh6 46.
Kf4 Rxh5 47. Ke4 g5 48. Kf3 Rh3+ 49. Kg4 Rh4+ 50. Kg3 Kh5 51. Kf3 g4+ 52. Kg3
Rh3+ 53. Kg2 Kh4 54. Kg1 g3 55. Kg2 Rh2+ 56. Kg1 Kh3 57. Kf1 g2+ 58. Ke2 g1=Q+
59. Kd3 Qg4 60. Ke3 0-1

[Event "Youth Classic 2017 - Youth Open U14"]
[Site "Hasselgrundhalle - Bad Soden a"]
[Date "2017.10.01"]
[Round "4.20"]
[White "Paukstys, Andrius"]
[Black "Litzinger, Jan"]
[Result "1-0"]
[WhiteElo "975"]
[BlackElo "805"]
[PlyCount "63"]
[EventDate "2017.??.??"]
[WhiteTeam "SC Bad Soden"]
[BlackTeam "SC Flörsheim"]

1. e4 e5 2. Nf3 Nc6 3. Bc4 Bc5 4. O-O Nf6 5. d3 h6 6. Nc3 d6 7. Nd5 Be6 8. c3
Bg4 9. b4 Nxd5 10. exd5 Nxb4 11. cxb4 Bxb4 12. Qa4+ c6 13. Qxb4 Rb8 14. Rb1 O-O
15. Qa3 a6 16. dxc6 bxc6 17. Rxb8 Qxb8 18. Qa4 d5 19. Bxa6 Qa7 20. Qxg4 f5 21.
Qa4 e4 22. dxe4 fxe4 23. Ne5 Rf5 24. Nxc6 Qc7 25. Bb2 Rh5 26. h3 Qb6 27. Ba3
Rf5 28. Ne7+ Kf7 29. Nxf5 Kf6 30. g4 Kf7 31. Qd7+ Kg8 32. Qxg7# 1-0

[Event "Youth Classic 2017 - Youth Open U14"]
[Site "Hasselgrundhalle - Bad Soden a"]
[Date "2017.10.01"]
[Round "4.22"]
[White "Lassek, Bjarne"]
[Black "Gliesche, Joel"]
[Result "0-1"]
[WhiteElo "731"]
[BlackElo "732"]
[PlyCount "124"]
[EventDate "2017.??.??"]
[WhiteTeam "SC Nied"]
[BlackTeam "SG Mörsdorf-Lahr"]

1. e4 g6 2. Nf3 Bg7 3. Bc4 c6 4. c3 d5 5. Bb3 Nd7 6. d4 e6 7. Bf4 Ne7 8. e5 O-O
9. Bg5 f6 10. exf6 Bxf6 11. Bh6 Bg7 12. Bxg7 Kxg7 13. Ng5 Rf6 14. O-O Nf8 15.
Re1 h6 16. Nf3 b6 17. c4 Ba6 18. Nbd2 Rb8 19. Ba4 b5 20. cxb5 cxb5 21. Bb3 Rc8
22. Rc1 Nd7 23. h3 Rxc1 24. Qxc1 Qc8 25. Qxc8 Bxc8 26. Rc1 Rf5 27. Bc2 Rf6 28.
Bd3 a6 29. Rc7 Rf8 30. Ne5 Rd8 31. Nc6 Nxc6 32. Rxc6 e5 33. Rc7 exd4 34. Nf3
Kf8 35. Bxg6 Nf6 36. Rf7+ Kg8 37. Rxf6 Kg7 38. Rc6 Bb7 39. Re6 d3 40. Re7+ Kf8
41. Rf7+ Kg8 42. Ne5 d2 43. Bh5 Re8 44. Rxb7 Rxe5 45. Bd1 Re1+ 46. Kh2 Rxd1 47.
Rb8+ Kf7 48. Rb7+ Ke6 49. Rb6+ Ke5 50. Rxh6 Re1 51. Rh5+ Kd4 52. Rh4+ Kc5 53.
b4+ Kd6 54. Rh6+ Re6 55. Rh8 d1=Q 56. Rd8+ Ke5 57. Rh8 d4 58. Rh4 d3 59. f3 d2
60. Re4+ Kd6 61. Rd4+ Ke7 62. Rh4 Qc2 0-1

[Event "Youth Classic 2017 - Youth Open U14"]
[Site "Hasselgrundhalle - Bad Soden a"]
[Date "2017.10.01"]
[Round "4.23"]
[White "Nedilko, Marko"]
[Black "Stapel, Max"]
[Result "0-1"]
[WhiteElo "753"]
[BlackElo "934"]
[PlyCount "60"]
[EventDate "2017.??.??"]
[WhiteTeam "SG Mörsdorf-Lahr"]
[BlackTeam "SC Flörsheim"]

1. e4 e5 2. Nf3 Nc6 3. Bc4 Nf6 4. d3 h6 5. Be3 b6 6. a3 a6 7. Nc3 Bc5 8. Bxc5
bxc5 9. O-O O-O 10. Ne2 d6 11. c3 Bd7 12. b4 cxb4 13. cxb4 a5 14. b5 Ne7 15. a4
Ng6 16. Nc3 Bg4 17. Nd5 Nxd5 18. Bxd5 Rb8 19. h3 Bh5 20. g4 Bxg4 21. hxg4 Qd7
22. Nh2 Nf4 23. Bc6 Qc8 24. Rc1 h5 25. f3 Qe6 26. Rb1 Qa2 27. Rf2 Nh3+ 28. Kh1
Qxf2 29. Qb3 Qg3 30. Rb2 Qg1# 0-1

[Event "Youth Classic 2017 - Youth Open U14"]
[Site "Hasselgrundhalle - Bad Soden a"]
[Date "2017.10.01"]
[Round "5.1"]
[White "Gallasch, Jonas"]
[Black "Haack, Kevin"]
[Result "1-0"]
[WhiteElo "1761"]
[BlackElo "1655"]
[PlyCount "115"]
[EventDate "2017.??.??"]
[WhiteTeam "SG Porz"]
[BlackTeam "SC Bad Soden"]

1. Nf3 d5 2. c4 e6 3. d4 Nf6 4. Nc3 c5 5. cxd5 exd5 6. Bg5 cxd4 7. Nxd4 Be7 8.
e3 Nc6 9. Be2 Be6 10. O-O O-O 11. Bf3 Qd6 12. a3 Ng4 13. Bf4 Nge5 14. Be2 Qd7
15. Bb5 f6 16. Nxe6 Qxe6 17. Qxd5 Qxd5 18. Nxd5 a6 19. Ba4 Rad8 20. Rfd1 Bd6
21. Rac1 Kh8 22. Nc3 Nc4 23. Bxd6 Nxd6 24. Ne2 Ne5 25. Bb3 Nf5 26. Nf4 Rxd1+
27. Rxd1 g5 28. Ne6 Rc8 29. Rd8+ Rxd8 30. Nxd8 Nd6 31. Bd5 b6 32. b3 Kg7 33.
Ne6+ Kg6 34. Nd4 Nd3 35. Kf1 f5 36. Ke2 Ne5 37. f3 Kf6 38. Kd2 g4 39. Nc6 Nb5
40. a4 Nc7 41. Nxe5 Nxd5 42. f4 Nc7 43. Nd7+ Ke7 44. Nxb6 Ne6 45. b4 Kd6 46.
Kd3 Kc6 47. Nc4 Kd5 48. Nd2 a5 49. Kc3 axb4+ 50. Kxb4 Nc5 51. Kb5 h5 52. a5 h4
53. a6 Nxa6 54. Kxa6 Kc5 55. Ka5 Kc6 56. Kb4 Kd5 57. Kb5 Kd6 58. Kc4 1-0

[Event "Youth Classic 2017 - Youth Open U14"]
[Site "Hasselgrundhalle - Bad Soden a"]
[Date "2017.10.01"]
[Round "5.2"]
[White "Hagner, Bennet"]
[Black "Riemann, Jonas"]
[Result "0-1"]
[WhiteElo "1680"]
[BlackElo "1689"]
[PlyCount "60"]
[EventDate "2017.??.??"]
[WhiteTeam "Frankfurter TV"]
[BlackTeam "SK Bickenbach"]

1. d4 Nf6 2. c4 e6 3. Nc3 Bb4 4. Nf3 d5 5. Bg5 h6 6. Bh4 dxc4 7. e4 g5 8. Nxg5
hxg5 9. Bxg5 Be7 10. e5 Nd5 11. Bxe7 Qxe7 12. Bxc4 Nb6 13. Bb3 Bd7 14. Ne4 Qb4+
15. Nc3 Bc6 16. Qg4 N8d7 17. O-O-O O-O-O 18. Qg7 Qe7 19. Qg4 Rdg8 20. Qe2 Bxg2
21. Rhe1 Bc6 22. d5 Nxd5 23. Bxd5 Bxd5 24. Nxd5 exd5 25. Rxd5 Nb6 26. Rd3 Rd8
27. Re3 Rxh2 28. e6 fxe6 29. Rxe6 Qc5+ 30. Kb1 Rxf2 0-1

[Event "Youth Classic 2017 - Youth Open U14"]
[Site "Hasselgrundhalle - Bad Soden a"]
[Date "2017.10.01"]
[Round "5.3"]
[White "Boder, Jan"]
[Black "Lorenz, Alexander"]
[Result "1-0"]
[WhiteElo "1772"]
[BlackElo "1539"]
[PlyCount "95"]
[EventDate "2017.??.??"]
[WhiteTeam "SG Mörsdorf-Lahr"]
[BlackTeam "SV Bergwinkel"]

1. c4 e5 2. g3 Nc6 3. Bg2 g6 4. Nc3 Bg7 5. e3 d6 6. Nge2 Nf6 7. d4 O-O 8. O-O
Re8 9. a3 Rb8 10. b4 Bd7 11. d5 Ne7 12. e4 Qc8 13. Be3 b6 14. a4 a5 15. bxa5
bxa5 16. Nb5 Bh3 17. f3 Bxg2 18. Kxg2 Rd8 19. c5 Ne8 20. c6 f5 21. Qd2 fxe4 22.
fxe4 Ra8 23. Nec3 Nf6 24. Bg5 Rf8 25. Rf2 Qd8 26. Raf1 Ne8 27. Rxf8+ Bxf8 28.
Qf2 Ng7 29. Qf7+ Kh8 30. Bf6 Rc8 31. h4 Rb8 32. g4 Qc8 33. Kg3 Ng8 34. h5 Nxf6
35. Qxf6 gxh5 36. gxh5 Kg8 37. Qf7+ Kh8 38. h6 Qd8 39. hxg7+ Bxg7 40. Rf5 Bh6
41. Qf6+ Qxf6 42. Rxf6 Rg8+ 43. Kf2 Kg7 44. Rf3 Bf4 45. Nxc7 Kg6 46. Ne6 Bg5
47. Nxg5 Kxg5 48. Rg3+ 1-0

[Event "Youth Classic 2017 - Youth Open U14"]
[Site "Hasselgrundhalle - Bad Soden a"]
[Date "2017.10.01"]
[Round "5.4"]
[White "Gräf, Jakob"]
[Black "Werner, Tom"]
[Result "0-1"]
[WhiteElo "1268"]
[BlackElo "1554"]
[PlyCount "60"]
[EventDate "2017.??.??"]
[WhiteTeam "SV Frankfurt Nord"]
[BlackTeam "VSG Offenbach"]

1. f4 e6 2. Nf3 d5 3. e3 Nf6 4. b3 c5 5. Bb2 g6 6. Be2 Bg7 7. O-O O-O 8. Nc3
Bd7 9. Kh1 Nc6 10. d3 Ng4 11. Qd2 Nxe3 12. Qxe3 d4 13. Qd2 dxc3 14. Bxc3 b6 15.
Ne5 Nxe5 16. Bxe5 Bc6 17. Bf3 Bxf3 18. Rxf3 Bxe5 19. fxe5 Qd4 20. Re1 Rad8 21.
Qh6 Rd7 22. h4 f6 23. h5 Qh4+ 24. Rh3 Qxe1+ 25. Kh2 Qxe5+ 26. Kh1 g5 27. Kg1
Rd4 28. Kh1 Rf4 29. Kg1 Qe1+ 30. Kh2 Rf1 0-1

[Event "Youth Classic 201 - Youth Open U14"]
[Site "Hasselgrundhalle - Bad Soden a"]
[Date "2017.10.01"]
[Round "5.5"]
[White "Wu, Sifan"]
[Black "Schwegler, Jelena"]
[Result "0-1"]
[WhiteElo "1264"]
[BlackElo "1462"]
[PlyCount "60"]
[EventDate "2017.??.??"]
[WhiteTeam "SV Oberursel"]
[BlackTeam "SK Bad Homburg"]

1. e4 e5 2. Nf3 Nc6 3. Bb5 a6 4. Bxc6 dxc6 5. O-O Qf6 6. h3 Bc5 7. b3 Ne7 8.
Bb2 Ng6 9. d4 exd4 10. Nxd4 O-O 11. c3 Nf4 12. Qf3 Bxd4 13. cxd4 Nxh3+ 14. Kh1
Qxf3 15. gxf3 Ng5 16. Nd2 Bd7 17. Rg1 Nh3 18. Rg2 Nf4 19. Rh2 Rfe8 20. Rg1 Re6
21. d5 Rg6 22. Rxg6 Nxg6 23. dxc6 Bxc6 24. Nf1 Rd8 25. Ne3 Rd2 26. Bc3 Rxa2 27.
Nf5 f6 28. Nh4 Nf4 29. Nf5 Rc2 30. Bb4 Rc1+ 0-1

[Event "Youth Classic 201 - Youth Open U14"]
[Site "Hasselgrundhalle - Bad Soden a"]
[Date "2017.10.01"]
[Round "5.6"]
[White "Czinkota, Michael"]
[Black "Müller, Maurice-Pascal"]
[Result "0-1"]
[WhiteElo "1035"]
[BlackElo "1403"]
[PlyCount "48"]
[EventDate "2017.??.??"]
[WhiteTeam "SC Bad Soden"]
[BlackTeam "SC Landskrone"]

1. e4 c5 2. Nc3 Nc6 3. Be2 g6 4. d3 Bg7 5. f4 d6 6. Nf3 Nf6 7. O-O O-O 8. Qe1
Bg4 9. Nh4 Nd4 10. Qd1 Nxe2+ 11. Nxe2 d5 12. h3 Bd7 13. f5 dxe4 14. fxg6 fxg6
15. dxe4 Nxe4 16. Rxf8+ Qxf8 17. Qd5+ Kh8 18. Qxe4 Bc6 19. Qg4 Qf7 20. Nf4 Bd4+
21. Kh1 Rg8 22. Ne6 Qf1+ 23. Kh2 Bg1+ 24. Kg3 Qf2# 0-1

[Event "Youth Classic 201 - Youth Open U14"]
[Site "Hasselgrundhalle - Bad Soden a"]
[Date "2017.10.01"]
[Round "5.7"]
[White "Werner, Rosalie"]
[Black "Haller, Andreas"]
[Result "1-0"]
[WhiteElo "1404"]
[BlackElo "1033"]
[PlyCount "37"]
[EventDate "2017.??.??"]
[WhiteTeam "VSG Offenbach"]
[BlackTeam "SC Bad Soden"]

1. e4 e5 2. Nf3 Nc6 3. Bb5 Nge7 4. d4 exd4 5. Nxd4 Nxd4 6. Qxd4 c6 7. Be2 d5 8.
Nc3 Be6 9. Be3 Nc8 10. exd5 cxd5 11. Bb5+ Ke7 12. Qb4+ Nd6 13. Bc5 b6 14. Bd4
a5 15. Qa3 Bd7 16. Nxd5+ Ke6 17. Nf4+ Kf5 18. Bxd7+ Qxd7 19. Qh3+ 1-0

[Event "Youth Classic 201 - Youth Open U14"]
[Site "Hasselgrundhalle - Bad Soden a"]
[Date "2017.10.01"]
[Round "5.8"]
[White "Gertel, Josef"]
[Black "Goetz, Fenja"]
[Result "1/2-1/2"]
[WhiteElo "1253"]
[BlackElo "1236"]
[PlyCount "69"]
[EventDate "2017.??.??"]
[WhiteTeam "SC Frankfurt-West"]
[BlackTeam "SK Bad Homburg"]

1. e4 c5 2. Nf3 Nc6 3. Nc3 g6 4. d3 Bg7 5. Be3 d6 6. Qd2 Nf6 7. Bh6 O-O 8. h3
Bd7 9. Be2 Qc7 10. a3 a6 11. d4 cxd4 12. Nd5 Nxd5 13. Bxg7 Kxg7 14. exd5 Ne5
15. Qxd4 Kg8 16. Nxe5 dxe5 17. Qd3 Bf5 18. Qc3 Qxc3+ 19. bxc3 Bxc2 20. Rc1 Be4
21. c4 Bxg2 22. Rh2 Be4 23. f3 Bf5 24. Kd2 Rfd8 25. Bd3 Bxd3 26. Kxd3 Kf8 27.
Ke4 f6 28. h4 Rac8 29. c5 h5 30. Rg2 Kf7 31. Rd2 Rc7 32. f4 exf4 33. Kxf4 Ke8
34. Ke4 Kf7 35. Rd3 1/2-1/2

[Event "Youth Classic 201 - Youth Open U14"]
[Site "Hasselgrundhalle - Bad Soden a"]
[Date "2017.10.01"]
[Round "5.9"]
[White "Döhne, Vincent"]
[Black "Koch, Laura"]
[Result "1/2-1/2"]
[WhiteElo "1319"]
[BlackElo "774"]
[PlyCount "70"]
[EventDate "2017.??.??"]
[WhiteTeam "SC Hattersheim"]
[BlackTeam "SV Frankfurt Nord"]

1. e4 e5 2. Nf3 Nc6 3. d4 exd4 4. Nxd4 Nxd4 5. Qxd4 c5 6. Qe3 b6 7. Nc3 Bb7 8.
Bc4 Ne7 9. Qf4 f6 10. O-O Ng6 11. Qg3 Qb8 12. Qxb8+ Rxb8 13. Rd1 Ne5 14. Bd5
Be7 15. Bf4 a6 16. Bg3 b5 17. f4 Nc4 18. Bxc4 bxc4 19. f5 Rd8 20. Nd5 Bxd5 21.
Rxd5 O-O 22. Bf2 Rfe8 23. Re1 d6 24. Re3 Rb8 25. b3 cxb3 26. axb3 Rb4 27. Bg3
Rd8 28. Be1 Rd4 29. Rxd4 cxd4 30. Rd3 Rc8 31. c3 dxc3 32. Bxc3 Rb8 33. Ba5 Kf7
34. Bc7 Rc8 35. Bxd6 Rd8 1/2-1/2

[Event "Youth Classic 2017 - Youth Open U14"]
[Site "Hasselgrundhalle - Bad Soden a"]
[Date "2017.10.01"]
[Round "5.10"]
[White "Edelmann, Viktor"]
[Black "Porstendörfer, Yannik"]
[Result "0-1"]
[WhiteElo "999"]
[BlackElo "1231"]
[PlyCount "122"]
[EventDate "2017.??.??"]
[WhiteTeam "SC Frankfurt-West"]
[BlackTeam "SK Klingenberg"]

1. e4 c5 2. Nc3 Nc6 3. Nf3 g6 4. Bc4 a6 5. a3 b5 6. Ba2 Bg7 7. Ng5 e6 8. d3
Nge7 9. Qf3 O-O 10. Qh3 h6 11. Nf3 Kh7 12. Ng5+ Kg8 13. Nf3 g5 14. Qg3 f5 15.
h4 g4 16. Nh2 h5 17. f3 Nd4 18. Bb3 Nxb3 19. cxb3 Ng6 20. Bg5 Bf6 21. Bxf6 Qxf6
22. Nf1 f4 23. Qf2 Ne5 24. O-O-O g3 25. Qxc5 Bb7 26. d4 Ng6 27. Qxh5 Kf7 28. e5
Qg7 29. Qg5 Ke8 30. h5 Rh8 31. Rh3 Bxf3 32. Rd2 Qh6 33. Qxh6 Rxh6 34. gxf3 Ke7
35. Ne4 Rah8 36. Nf6 d6 37. Ng4 Rxh5 38. exd6+ Kxd6 39. Rxh5 Rxh5 40. Nf6 Rh1
41. Rg2 Rxf1+ 42. Kd2 Rxf3 43. Ne4+ Kd5 44. Nc3+ Kxd4 45. Ne2+ Ke5 46. Ng1 Rxb3
47. Kc2 Re3 48. Kd2 Nh4 49. Re2 Rxe2+ 50. Kxe2 Ke4 51. b3 f3+ 52. Nxf3 Nxf3 53.
Kf1 Nd2+ 54. Kg1 Nxb3 55. Kh1 Kf3 56. Kg1 g2 57. a4 b4 58. a5 e5 59. Kh2 Kf2
60. Kh3 g1=Q 61. Kh4 Qg6 0-1

[Event "Youth Classic 2017 - Youth Open U14"]
[Site "Hasselgrundhalle - Bad Soden a"]
[Date "2017.10.01"]
[Round "5.11"]
[White "Moldenhauer, Lennart"]
[Black "Fuchs, Henrik"]
[Result "0-1"]
[WhiteElo "1272"]
[BlackElo "988"]
[PlyCount "80"]
[EventDate "2017.??.??"]
[WhiteTeam "SV Oberursel"]
[BlackTeam "SC Bad Soden"]

1. e4 e5 2. Nf3 Nc6 3. d4 exd4 4. Nxd4 Nf6 5. Nxc6 bxc6 6. e5 Qe7 7. Qe2 Nd5 8.
c4 Ba6 9. b3 g6 10. Bb2 Bg7 11. Qe4 Nb6 12. Nd2 O-O 13. Be2 Qb4 14. a3 Qe7 15.
O-O Rfe8 16. f4 d5 17. cxd5 cxd5 18. Qf3 Bxe2 19. Qxe2 f6 20. Nf3 Rab8 21. Nd4
fxe5 22. Nc6 Qc5+ 23. Kh1 Qxc6 24. Rac1 Qd6 25. fxe5 Bxe5 26. Bxe5 Rxe5 27. Qf3
Rf5 28. Qc3 Rxf1+ 29. Rxf1 Rf8 30. Re1 Qxa3 31. Qxc7 Qa6 32. h3 d4 33. Re7 Qf1+
34. Kh2 Qf4+ 35. Qxf4 Rxf4 36. Rxa7 d3 37. Ra1 d2 38. Kg3 Rd4 39. Rd1 Nd5 40.
Kf3 Nc3 0-1

[Event "Youth Classic 2017 - Youth Open U14"]
[Site "Hasselgrundhalle - Bad Soden a"]
[Date "2017.10.01"]
[Round "5.12"]
[White "Gärtner, Johannes"]
[Black "Porstendörfer, Eric"]
[Result "1/2-1/2"]
[WhiteElo "878"]
[BlackElo "1253"]
[PlyCount "107"]
[EventDate "2017.??.??"]
[WhiteTeam "SF Heidesheim"]
[BlackTeam "SK Klingenberg"]

1. d4 d5 2. Bf4 Nc6 3. e3 a6 4. Nf3 Nf6 5. h3 h6 6. Be2 Bf5 7. O-O e6 8. Bd3
Bxd3 9. Qxd3 Bd6 10. Bxd6 Qxd6 11. Nbd2 g5 12. Nh2 h5 13. Rac1 O-O-O 14. c4 e5
15. c5 Qe6 16. Nb3 Nb4 17. Qb1 Rh7 18. a3 Nc6 19. Rfe1 e4 20. Qc2 h4 21. Qe2
Rg8 22. Ng4 Nxg4 23. Qxg4 Qxg4 24. hxg4 Ne7 25. Na5 f5 26. f3 exf3 27. gxf3
fxg4 28. fxg4 h3 29. Kh2 Rh4 30. Kg3 h2 31. Rh1 Rgh8 32. Rc2 Ng8 33. Rcxh2 Rxh2
34. Rxh2 Rxh2 35. Kxh2 b6 36. cxb6 cxb6 37. Nc6 Nf6 38. Kg3 Kc7 39. Nb4 a5 40.
Nd3 Kc6 41. a4 b5 42. axb5+ Kxb5 43. Nc5 Ne4+ 44. Nxe4 dxe4 45. Kf2 Kc4 46. Ke2
a4 47. d5 Kxd5 48. Kd2 Kc4 49. Kc2 Kb4 50. Kd2 Kb3 51. Kc1 Ka2 52. Kc2 Ka1 53.
Kc1 Ka2 54. Kc2 1/2-1/2